Bytový dom

Gespeichert in:
Bibliographische Detailangaben
1. Verfasser: Butašová, Klára (Verfasst von)
Weitere Verfasser: Vargová, Andrea (Betreuung Doktorarbeit)
Format: Manuskript Buch
Sprache:Slowakisch
Veröffentlicht: 2021
Schlagworte:
Online-Zugang:http://is.stuba.sk/zp/portal_zp.pl?podrobnosti=143386
https://opac.crzp.sk/?fn=detailBiblioForm&sid=C5B0443D08DFEDB232080849A386
Tags: Tag hinzufügen
Keine Tags, Fügen Sie das erste Tag hinzu!

MARC

LEADER 00000ntm a22000003a 4500
001 stuzp84216
003 SK-STU
005 20230511142108.0
007 ta
008 150427s2015----xo-----f-mn---000-0-slo-d
040 |a STU  |b slo 
041 0 |a slo 
100 1 |a Butašová, Klára  |u 010180  |4 aut  |U SvF Stavebná fakulta  |T SvF Katedra konštrukcií pozemných stavieb  |X 92876  |U V180  |Y 18  |7 92876 
242 0 1 |a Residential house  |y eng 
245 1 0 |a Bytový dom 
260 |c 2021 
650 4 |a bytový dom  |2 slo 
650 4 |a novostavba  |2 slo 
650 4 |a realizačný projekt  |2 slo 
650 4 |a new-building  |2 eng 
650 4 |a construction project  |2 eng 
650 4 |a residential building  |2 eng 
700 1 |a Vargová, Andrea  |u 010180  |k Z1  |4 ths  |U SvF Stavebná fakulta  |T SvF Katedra konštrukcií pozemných stavieb  |X 618  |U V180  |Y 18  |7 A000000618 
856 4 |u http://is.stuba.sk/zp/portal_zp.pl?podrobnosti=143386 
856 4 |u https://opac.crzp.sk/?fn=detailBiblioForm&sid=C5B0443D08DFEDB232080849A386